Регионална библиотека "Любен Каравелов" - Русе

Мъдрост и красота (Запис номер 184903)

MARC детайли
000 -Лидер
Контролно поле с фиксирана дължина 01280nam a2200289 c 4500
003 - Код на организацията, давaща контролен номер
Контролно поле BLK
005 - Дата и час на последна редакция
Контролно поле 20180421000311.0
008 - Елементи от данни с фиксирана дължина
fixed length control field 180411b bul|||||r ||||||| ||bul||
010 ## - Наследен системен номер
LC control number KNG00193880000
040 ## - Източник на каталожния запис
Идентификатор на билиотеката - собственик на записа BLK
041 ## - Код за език
Код за езика на текст/звукозапис или на отделно заглавие Български
Код за езика КДБФ Български
080 ## - УДК
Текстов определител УДК Химия. Кристалография. Минералогия. Вж и 577.1; 66; 612.015; 631.41
УДК код - определител по УДК 54
УДК определител (092)
УДК - код + определител 54(092)
080 ## - УДК
Текстов определител УДК Български биохимик и общественик (1885-1936)
УДК код - определител по УДК 929 Златаров, Асен Христов
УДК определител
УДК - код + определител 929 Златаров, Асен Христов
100 1# - Редна дума - Автор
Автор Митовски, Здравко Стефанов
Авторска отговорност първи автор
R(LIN) 327550
139 ## - Редно поле
Редна дума Митовски, Здравко Стефанов
Авторски знак Златаро - З 70
245 10 - Сведения за заглавието
Заглавие Мъдрост и красота
Подзаглавни данни Щрихи към духовния портр. на Асен Златаров
Редно поле (дума) Здравко Стефанов Митовски.
257 ## - Страна на издаване
Страна на създаване/издаване България
260 ## - Област на издателските данни
-- София
Име на издателя, разпространителя и проч. Септември
Година на издаване 1985
300 ## - Физическа характеристика
Страници 184 с.
Илюстрации и др. 16 л. : ил., портр., факс.
Размери/Мащаб 22 см
380 ## - Жанр
Жанр Естествени науки. Математика
500 ## - Общи забележки
Забележка 6 667 тир.
852 ## - Местоположение
Форматна сигнатура Цб 132620
856 4# - Електронен адрес и достъп
Електронен формат pdf - файл
Път до файла /url/
856 4# - Електронен адрес и достъп
Електронен формат pdf - файл
Път до файла /url/
942 ## - АРТИКУЛИ
Вид на библиотечния материал Книги
Скрит в OPAC Не
944 ## - СЪЗДАВАНЕ И РЕДАКЦИЯ на ЗАПИСА
Създаване/Редакция Създаване
Дата на регистрацията/редакция 19.10.2016
Служител, извършил регистрацията/редакцията Любка_Николова
944 ## - СЪЗДАВАНЕ И РЕДАКЦИЯ на ЗАПИСА
Създаване/Редакция Редакция
Дата на регистрацията/редакция 19.10.2016
Служител, извършил регистрацията/редакцията Любка_Николова
999 ## - СИСТЕМНИ КОНТРОЛНИ НОМЕРА
Koha biblionumber 184903
Koha biblioitemnumber 184903
Наличности
Код за отписване Код за изгубен артикул Източник на класификационната схема Код за повреда Коз за рестрикции Код за отдаване Артикулен № Име на библиотеката - собственик Име на библиотеката, в която се намира в момента Статус (Текущо местоположение) Дата на вписване в системата Местоположение - отдел Цена в лева Инвентарен номер Систематично азбучна сигнатура Баркод Номер на екземпляра Цена в евро Служебна бележка Служебен тип на артикула
  Не е изгубен Universal Decimal Classification Не е повреден без рестрикции ползва се в читалня 319976 Регионална библиотека "Любен Каравелов" Русе Регионална библиотека "Любен Каравелов" Русе Хранилище 1985-01-01 Хранилище 1.75 423865 Цб 132620 900000009258 1 0.89 Вид: Сф N: стар фонд Дата: 01.01.1985 Книги
Изтеглен Не е изгубен Universal Decimal Classification Не е повреден без рестрикции заемане за дома 319977 Регионална библиотека "Любен Каравелов" Русе Регионална библиотека "Любен Каравелов" Русе Заемна - подръчен фонд 1985-01-01 Заемна - подръчен фонд 1.75 425450 П 54(092)/З 70 425450 2 0.89 Вид: Сф N: стар фонд Дата: 01.01.1985 Книги
Изтеглен Не е изгубен Universal Decimal Classification Не е повреден без рестрикции заемане за дома 319978 Регионална библиотека "Любен Каравелов" Русе Регионална библиотека "Любен Каравелов" Русе Заемна - подръчен фонд 1985-01-01 Заемна - подръчен фонд 1.75 425452 П 54(092)/З 70 425452 3 0.89 Вид: Сф N: стар фонд Дата: 01.01.1985 Дата инв: 02.02.2018 Бележки инв: П2018 Книги
Vip Innovations Ltd, Rousse, Bulgaria 2025